000 00527cam a2200181ua 4500
001 681
008 110412n ii |||gr||||Z||||||eng
040 _cMAIN
082 _a352.042
245 1 _aLocal self-government in England, Wales and Scotland :
_bA comparative study /
_cby B.C. Rai
250 _a1st.
260 _aLucknow:
_bPrakashan kendra,968.
300 _a112p:0cm.
653 _aPolitical science
653 _alocal self-government in England, Wales and Scotland
700 _aRai, B.C.,
_eAuthor.
942 _cBK
999 _c609
_d609